000
00296nam a22001337a 4500
003
SGT
020
_a
9788123020422
082
_a
820
_b
E15D
100
_a
DHARAMPAL, GITA
245
_a
ESSENTIAL WRITTINGS OF DHARAMPAL
260
_b
PUBLICATIONS DIVISION
_c
2015
300
_a
396
942
_2
ddc
_c
BK
999
_c
29255
_d
29255